The birth of the Bill of rights, 1776-1791.

Bibliographic Details
Main Author: Rutland, Robert Allen, 1922-2000
Corporate Author: Virginia
Format: Book
Language:English
Published: Chapel Hill : Published for the Institute of Early American History and Culture by the University of North Carolina Press, [1955]
Subjects:

MARC

Tag First Indicator Second Indicator Subfields
LEADER 00000cam a2200000 4500
001 in00000059636
005 20210515063917.0
008 720629s1955 ncu b 00000 eng u
010 |a  55013817  
035 |a (OCoLC)00345394 
035 |9 AAG1413AM 
040 |c WOO  |d TXA  |d UtOrBLW 
049 |a TXAM  |c 2 [266624] 
050 0 |a JK168  |b .R8 
092 |a 323.4  |b R979b 
100 1 |a Rutland, Robert Allen,  |d 1922-2000. 
245 1 4 |a The birth of the Bill of rights, 1776-1791. 
264 1 |a Chapel Hill :  |b Published for the Institute of Early American History and Culture by the University of North Carolina Press,  |c [1955] 
300 |a vi, 243 pages ;  |c 24 cm. 
336 |a text  |b txt  |2 rdacontent 
337 |a unmediated  |b n  |2 rdamedia 
338 |a volume  |b nc  |2 rdacarrier 
500 |a Appendices, pages [231]-235: A. The Virginia Declaration of rights.-B. The Federal Bill of rights. 
504 |a Bibliographical footnotes. 
650 0 |a Civil rights  |z United States. 
610 1 0 |a United States.  |t Constitution.  |n 1st-10th Amendments. 
710 1 |a Virginia.  |t Declaration of Rights. 
999 |a MARS 
999 f f |s ed67c070-49ed-3fb1-bd5e-9b35a0a30e7c  |i 8e075901-3c6f-3dbe-8e2d-c186c4fb388c  |t 0 
952 f f |p ric  |a Texas A&M University  |b Rellis Campus  |c Joint Library Facility  |d Remote Storage  |t 0  |e JK168 .R8  |h Library of Congress classification  |i unmediated -- volume  |m A14800666269 
998 f f |a JK168 .R8  |t 0  |l Remote Storage